LEADER 01526ngm0 22003733i 450 001 CAG0423816 005 20170908093253.0 100 $a20100616f ||||0itac50 ba 101 | $aita 102 $ait 181 1$6z01$ab $bxa2e 182 1$6z01$ag 200 1 $aSpartacus$fun film di Stanley Kubrick$gmusic conducted by Alex North$gscreeplay by Dalton Trumbo$gbased on the novel by Howard Fast 210 $a[Milano]$cMondadori$d[2002?] 215 $a1 videocassetta (VHS) (ca. 186 min.)$ccolor., son. 225 | $aVideoteca del secolo$v28 300 $a Tit. del contenitore 300 $aRipr. del film del 1961 300 $aInterpreti: Kirk Douglas, Laurence Oliver, Jean Simmons, Charles Laughton, Peter Ustinov, john Gavin, Tony Curtis 300 $aSupporto integrativo a: Panorama, TV Sorrisi e Canzoni, Ciak, Donna Moderna. 410 0$1001ANA0095008$12001 $aVideoteca del secolo$v28 500 11$aSpartacus $3UBO2543817$9953566 517 1 $aSpartacus $9MOD0893583 702 1$aTrumbo$b, Dalton$f <1905-1976>$3CFIV028698 702 1$aKubrick$b, Stanley$3CFIV082388 702 1$aDouglas$b, Kirk$3CFIV093529 702 1$aNorth$b, Alex$3RAVV090374 801 3$aIT$bIT-NA0079$c20100616 850 $aIT-NA0631 912 $aCAG0423816 950 0$aBiblioteca MADRE$d 54S. MULTIM.2002 KUB$e 54 0000007275 B 1 VHS$fZ $h20100616$i20100616 977 $a 54 996 $aSpartacus$9953566 997 $aUNISANNIO LEADER 00955nas 2200361 c 450 001 9910893718303321 005 20260218112119.0 035 $a(CKB)5280000000202362 035 $a(DE-599)ZDB2864791-9 035 $a(DE-101)1110911890 035 $a(DE-599)2864791-9 035 $a(EXLCZ)995280000000202362 100 $a20160809a20099999 |y | 101 0 $aspa 135 $aur||||||||||| 181 $ctxt$2rdacontent 182 $cc$2rdamedia 183 $acr$2rdacarrier 200 00$a2000 agro$erevista industrial del campo 210 31$aMe?xico, D.F.$c[Verlag nicht ermittelbar]$d[2009?]- 215 $aOnline-Ressource 300 $aGesehen am 9. August 2016 517 3 $aDos mil agro 608 $aZeitschrift$2gnd-content 676 $a630 686 $a7,36$2ssgn 801 0$b0204 801 1$bDE-101 801 2$b9001 906 $aJOURNAL 912 $a9910893718303321 996 $a2000 agro$94258608 997 $aUNINA